000 00796cam a2200289 4500500
005 20260405002610.0
041 _afre
042 _adc
100 1 0 _aGuillot, Apolline
_eauthor
245 0 0 _aRepérages / Décembre 2017-Janvier 2018
260 _c2017.
500 _a27
690 _aArabie Saoudite
690 _aCapitalisme
690 _aCitoyenneté
690 _aCulture
690 _aFiscalité
690 _aHommes-Femmes
690 _aHonte
690 _aHumiliation
690 _aParadise Papers
690 _aRacisme
690 _aRobot
690 _aSommeil
786 0 _nPhilosophie magazine | 115 | 12-1 | 2017-12-01 | p. 5-5 | 1951-1787
856 4 1 _uhttps://shs.cairn.info/magazine-philosophie-magazine-2017-12-1-page-5?lang=fr&redirect-ssocas=7080
999 _c2059170
_d2059170